00871nam a22002417a 450000500170000001000130001702000260003003500130005603700160006904000120008508200160009710000220011324500940013526000330022927000610026230000310032350000490035465000350040365000200043894200250045899900190048395201270050220170124110125.0 aB-129076 c695.00a9788176240657 aB-129076 bCen Lib/Ret aDPLbEN a954.11bRAI aRai, Mridu992289 aHindu rulers muslim subjects :cby Mridu Raibislam rights and the history of kashmir / aDelhibPermanent Blackc2004 aD-28, Oxford Apartments 11,I.P. ExtensionbDelhie110092 axi,335p. :c23cm(Hb)bill. aIncludes bibliographical reference and index aPolitics and government992290 aHinduism992291 2ddccENh954.11mRAI c131291d131291 00104070aLbLd2015-07-14eCen Lib/Retg695.00l0o954.11 RAIpB-129076r2015-07-14 00:00:00t1v695.00w2015-07-14yEN